000 00460nam a2200181 a 4500
001 6533
005 20180713190406.0
008 140415s1991 000 0 spa d
020 _a9686356401
041 _aspa
082 _a614.19
_bTEL
100 1 _aTELLO, FRANCISCO JAVIER
245 1 0 _aMEDICINA FORENSE
260 _a[s.l.] :
_bHARLA,
_c1991
300 _a359
490 _aTEXTOS JURIDICOS UNIVERSITARIOS
650 1 4 _aMEDICINA LEGAL
999 _c6533
_d6533